| 000 | 00685nam a2200181Ia 4500 | ||
|---|---|---|---|
| 008 | 100920s9999 xx 000 0 und d | ||
| 082 |
_b80180 _a891.464 न 01 |
||
| 100 | _aआपटे माधवी माधव. | ||
| 245 | _aअध्यात्माकडून अमेरिकेकडे. | ||
| 260 |
_bघरकुल प्रकाशन,पुणे. _c2001 |
||
| 300 |
_a96 _bसाधी |
||
| 365 | _b100 | ||
| 520 | _aनिबंध. | ||
| 630 | _aअध्यात्माकडून अमेरिकेकडे. | ||
| 650 | _aनिबंध. | ||
| 730 | _aअध्यात्माकडून अमेरिकेकडे. | ||
| 942 | _cBOOK | ||
| 999 |
_c721099 _d721096 |
||